000 01668nam a2200349 a 4500
001 z9livm b1079043
003 DLC
005 20180528165545.0
008 941102s1995 nyu j 000 0 spa u
010 _a94040025 /AC
020 _a0590205498 (pbk.)
020 _a9780590205498 (pbk.)
040 _csjds
041 1 _aspa
_heng
090 _ajSPAN 534 BEE
100 1 _aBeech, Linda.
245 1 3 _aEl autobus magico en el museo encantado :
_bun libro sobre los sonidos : from an episode of the animated TV series /
_cproduced by Scholastic Productions, Inc. ; based on the Magic school bus books written by Joanna Cole and illustrated by Bruce Degen ; TV tie-in adaptation by Linda Beech and illustrated by Joel Schick ; TV script written by Kristin Laskas Martin, John May, and Jocelyn Stevenson ; Spanish translation by Teresa Mlawer.
246 3 0 _aMagic school bus in the haunted museum.
250 _aSpanish.
260 _aNew York :
_bScholastic Inc.,
_cc1995.
300 _a[30] p. :
_bcol. ill. ;
_c26 cm.
500 _aTranslation of "The Magic School bus in the haunted museum."
520 _aThe class is going to give a concert at the Sound Museum. On the way, the Magic School bus breaks down--in front of a big, old haunted house where the kids hear lots of weird noises. Ms. Frizzle and the kids enter at their own risk. But once inside they learn all about sound.
650 0 _aSound.
650 0 _aMusic
_xAcoustics and physics.
650 0 _aMusical instruments.
650 0 _aSpanish language materials.
700 1 _aSchick, Joel.
700 1 _aCole, Joanna.
710 2 _aScholastic Productions.
942 _2ddc
_cBK
999 _c17603
_d17603